ბათუმის შოთა რუსთაველის სახელმწიფო უნივერსიტეტის ბიბლიოთეკა

ჩანაწერი Corporate Name

ჩანაწერთა რაოდენობა, რომელიც გამოყენებულია: 1

001 - CONTROL NUMBER

  • control field: 10723

003 - CONTROL NUMBER IDENTIFIER

  • control field: GE_BSU

005 - DATE AND TIME OF LATEST TRANSACTION

  • control field: 20210324164630.0

008 - FIXED-LENGTH DATA ELEMENTS

  • fixed length control field: 210324|| aca||aabn | a|a d

040 ## - CATALOGING SOURCE

  • Original cataloging agency: GE_BSU
  • Transcribing agency: GE_BSU

110 ## - HEADING--CORPORATE NAME

  • Corporate name or jurisdiction name as entry element: ბსუ
  • Subordinate unit: განათლების ფაკულტეტი. პედაგოგიურ მეცნ. დეპარტაამენტი

670 ## - SOURCE DATA FOUND

  • Source citation: Work cat.: (GE_BSU)55243: ფუტკარაძე, დალი 10720, ინკლუზიური განათლება სკოლამდელ დაწესებულებაში /